|
|
|
|
| LEADER |
00960nam a2200229 a 4500 |
| 008 |
090716s2002 nyu bd 000 0 eng d |
| 020 |
|
|
|a 0195210816
|
| 020 |
|
|
|a 0415260353
|
| 040 |
|
|
|a DLC
|c DLC
|d DLC
|
| 082 |
0 |
0 |
|a 822.3/3
|2 21
|
| 100 |
1 |
|
|a Quennell, Peter,
|d 1905-1993.
|
| 245 |
1 |
0 |
|a Who's who in Shakespeare /
|c Peter Quennell and Hamish Johnson.
|
| 260 |
|
|
|a New York :
|b Routledge,
|c 2002
|
| 300 |
|
|
|a xii, 228 p. ;
|c 24 cm.
|
| 504 |
|
|
|a Includes bibliographical references (p. 227-228).
|
| 541 |
1 |
|
|e 00016566
|
| 600 |
1 |
0 |
|a Shakespeare, William,
|d 1564-1616
|x Characters
|x Dictionaries.
|
| 650 |
|
0 |
|a Characters and characteristics in literature
|x Dictionaries.
|
| 700 |
1 |
|
|a Johnson, Hamish.
|
| 852 |
4 |
|
|a Ayesha Abed Library
|j General shelf
|
| 999 |
|
|
|c 2748
|d 2748
|
| 952 |
|
|
|0 0
|1 4
|2 ddc
|4 0
|6 822_330000000000000_QUE
|7 0
|9 2525
|a BRACUL
|b BRACUL
|c GEN
|d 2009-07-23
|g 650.00
|l 2
|m 2
|o 822.33 QUE
|p 3010016566
|r 2010-05-16
|s 2010-04-29
|t 1
|v 1300.00
|w 2009-07-23
|y BK
|x Koha Inventory 2020
|